[Event "Arab-ch U18 Girls"]
[Site "Baghdad"]
[Date "2022.03.13"]
[Round "4"]
[White "Widad, Sabah Noori"]
[Black "Boubendir, Nesrine"]
[Result "1/2-1/2"]
[WhiteElo "1634"]
[BlackElo "1502"]
[PlyCount "76"]
[EventDate "2022.03.10"]
[EventType "tourn"]
[EventRounds "7"]
[EventCountry "IRQ"]
[SourceTitle "EXT 2023"]
[Source "ChessBase"]
[SourceDate "2022.10.05"]
[SourceVersion "1"]
[SourceVersionDate "2022.10.05"]
[SourceQuality "1"]

1. d4 Nf6 2. Nf3 g6 3. e3 Bg7 4. Be2 d6 5. b3 0-0 6. Bb2 Nbd7 7. 0-0 c5 8. Nbd2 Qc7 9. c4 Re8 10. Qc2 e6 11. Rfd1 b6 12. e4 Bb7 13. Bd3 Rad8 14. d5 exd5 15. exd5 b5 16. Re1 Nb6 17. Bc3 Qd7 18. Rab1 Ba6 19. Rxe8+ Rxe8 20. h3 Re7 21. Re1 Bb7 22. Bf1 Qe8 23. Rxe7 Qxe7 24. Bxf6 Bxf6 25. Ne4 Bg7 26. Nc3 bxc4 27. bxc4 Bc8 28. Qb3 Ba6 29. Nb5 Bxb5 30. Qxb5 Qd7 31. Qxd7 Nxd7 32. Bd3 Bb2 33. Nd2 Kf8 34. Kf1 Nb6 35. Ke2 Na4 36. Nb1 Bd4 37. f3 Ke7 38. Kd2 Nb6 1/2-1/2

[Event "Arab-ch U18 Girls"]
[Site "Baghdad"]
[Date "2022.03.12"]
[Round "3"]
[White "Widad, Sabah Noori"]
[Black "Ghezel, Nawar Ahmed"]
[Result "1-0"]
[WhiteElo "1634"]
[BlackElo "1429"]
[PlyCount "87"]
[EventDate "2022.03.10"]
[EventType "tourn"]
[EventRounds "7"]
[EventCountry "IRQ"]
[SourceTitle "EXT 2023"]
[Source "ChessBase"]
[SourceDate "2022.10.05"]
[SourceVersion "1"]
[SourceVersionDate "2022.10.05"]
[SourceQuality "1"]

1. d4 d5 2. Nf3 Nf6 3. Bf4 Bf5 4. e3 e6 5. Bd3 Bg4 6. Nbd2 Bd6 7. Bg3 Nc6 8. c3 Qe7 9. Qc2 0-0-0 10. 0-0-0 e5 11. dxe5 Bxe5 12. Bf5+ Bxf5 13. Qxf5+ Qd7 14. Qxd7+ Nxd7 15. Nb3 Bxg3 16. hxg3 Nde5 17. Nbd4 Nxd4 18. Nxe5 Ne2+ 19. Kd2 Nxg3 20. fxg3 Rdf8 21. Kc2 c6 22. Nf3 h5 23. Rdf1 g6 24. Ng5 f6 25. Nf3 Re8 26. Kd2 Rhf8 27. Nh4 g5 28. Nf5 Re5 29. Rxh5 a6 30. Rh7 Kb8 31. Re7 Rh8 32. Rxe5 fxe5 33. Nd6 e4 34. Ke2 Rh7 35. Rf8+ Ka7 36. Rf7 Rh6 37. Nxb7 Kb6 38. Nd8 Rd6 39. Rb7+ Ka5 40. Nf7 Rg6 41. Rb3 Rg7 42. Nd6 Rg6 43. Nb7+ Ka4 44. Rb4# 1-0

[Event "IRQ-ch (Women)"]
[Site "Baghdad"]
[Date "2021.11.03"]
[Round "13"]
[White "Widad, Sabah Noori"]
[Black "Nabaa Sami, Abbas Al Attra"]
[Result "0-1"]
[WhiteElo "1607"]
[BlackElo "1807"]
[PlyCount "40"]
[EventDate "2021.10.27"]
[EventType "tourn"]
[EventRounds "13"]
[EventCountry "IRQ"]
[SourceTitle "EXT 2023"]
[Source "ChessBase"]
[SourceDate "2022.10.05"]
[SourceVersion "1"]
[SourceVersionDate "2022.10.05"]
[SourceQuality "1"]

1. d4 g6 2. Nf3 Bg7 3. e4 d6 4. c3 Nf6 5. e5 dxe5 6. dxe5 Qxd1+ 7. Kxd1 Ng4 8. Ke1 Nxe5 9. Nxe5 Bxe5 10. f4 Bg7 11. Be3 b6 12. Bb5+ Bd7 13. Bxd7+ Nxd7 14. Nd2 0-0 15. Ke2 Rad8 16. Rad1 e5 17. fxe5 Nxe5 18. Nf3 Nc4 19. Bg5 Rde8+ 20. Kf2 Nxb2 0-1

[Event "IRQ-ch (Women)"]
[Site "Baghdad"]
[Date "2021.10.30"]
[Round "6"]
[White "Jalaluldeen, Kareen Kamal J"]
[Black "Widad, Sabah Noori"]
[Result "1/2-1/2"]
[WhiteElo "1780"]
[BlackElo "1607"]
[PlyCount "91"]
[EventDate "2021.10.27"]
[EventType "tourn"]
[EventRounds "13"]
[EventCountry "IRQ"]
[SourceTitle "EXT 2023"]
[Source "ChessBase"]
[SourceDate "2022.10.05"]
[SourceVersion "1"]
[SourceVersionDate "2022.10.05"]
[SourceQuality "1"]

1. d4 d5 2. c4 e6 3. Nc3 Nf6 4. Bg5 Nbd7 5. Nf3 c6 6. e3 Qa5 7. Qc2 Bb4 8. Nd2 dxc4 9. Bh4 b5 10. Be2 Nd5 11. Rc1 Bxc3 12. bxc3 N5f6 13. Bf3 Bb7 14. Rb1 Qa6 15. Qb2 0-0 16. 0-0 Bc8 17. Bg3 Re8 18. a4 bxa4 19. Qb4 Nd5 20. Qxc4 Qxc4 21. Nxc4 Ba6 22. Nd6 Bxf1 23. Nxe8 Bxg2 24. Kxg2 Rxe8 25. c4 Ne7 26. Ra1 Nb6 27. c5 Nbd5 28. Rxa4 Ra8 29. e4 Nc3 30. Ra6 Nb5 31. Bd6 Nc8 32. Ra4 Ncxd6 33. cxd6 Nxd6 34. e5 Nf5 35. Bxc6 Rd8 36. Rxa7 Nxd4 37. Be4 g6 38. Ra4 Nb3 39. Kg3 Nc5 40. Rc4 Nxe4+ 41. Rxe4 Rd3+ 42. f3 Kg7 43. h4 h5 44. Kg2 Rd2+ 45. Kg3 Rd1 46. Kg2 1/2-1/2

[Event "Arab-ch U12 Girls"]
[Site "Djerba"]
[Date "2016.07.26"]
[Round "5.4"]
[White "Ardhaoui, Mariam"]
[Black "Widad, Sabah Noori"]
[Result "0-1"]
[WhiteElo "1098"]
[BlackElo "1339"]
[PlyCount "44"]
[EventDate "2016.07.23"]
[EventType "swiss"]
[EventRounds "9"]
[EventCountry "TUN"]
[SourceTitle "EXT 2024"]
[Source "ChessBase"]
[SourceDate "2023.10.10"]
[SourceVersion "1"]
[SourceVersionDate "2023.10.10"]
[SourceQuality "1"]

1. e4 e5 2. Nf3 Nc6 3. Nc3 Bc5 4. Bb5 d6 5. d3 Nf6 6. 0-0 Bg4 7. Re1 a6 8. Bxc6+ bxc6 9. h3 Be6 10. Rf1 Qd7 11. Kh2 0-0-0 12. Ne2 Rdg8 13. c3 h6 14. b4 Bb6 15. a4 g5 16. c4 g4 17. Nfg1 gxh3 18. gxh3 Bxh3 19. Nxh3 Ng4+ 20. Kh1 Ne3 21. Kh2 Rg2+ 22. Kh1 Qxh3# 0-1

[Event "Arab-ch U12 Girls"]
[Site "Djerba"]
[Date "2016.07.24"]
[Round "3.3"]
[White "Ben Fredj, Mayssa"]
[Black "Widad, Sabah Noori"]
[Result "1-0"]
[WhiteElo "1173"]
[BlackElo "1339"]
[PlyCount "65"]
[EventDate "2016.07.23"]
[EventType "swiss"]
[EventRounds "9"]
[EventCountry "TUN"]
[SourceTitle "EXT 2024"]
[Source "ChessBase"]
[SourceDate "2023.10.10"]
[SourceVersion "1"]
[SourceVersionDate "2023.10.10"]
[SourceQuality "1"]

1. e4 e5 2. f4 d6 3. Nf3 Nf6 4. Nc3 Nc6 5. Bc4 Bg4 6. 0-0 Qd7 7. d3 Be7 8. Be3 0-0-0 9. a4 h5 10. Bxf7 Rdf8 11. Bc4 Nh7 12. f5 Ng5 13. Bxg5 Kb8 14. Bxe7 Qxe7 15. Bd5 Nd4 16. Kh1 h4 17. h3 Bh5 18. Na2 Rf6 19. c3 Nxf3 20. Rxf3 c6 21. Be6 Rhf8 22. Qf1 Bxf3 23. Qxf3 g6 24. Qg4 Rh8 25. d4 exd4 26. cxd4 a6 27. e5 dxe5 28. dxe5 gxf5 29. exf6 Qxe6 30. Qg7 Rd8 31. f7 Qc4 32. Nc3 Ka7 33. Re1 1-0